01322nam a2200301 a 450000100100000000500170001000800410002702000150006804000250008304100380010808200180014610000370016424000850020124501760028626000560046230000310051849000270054950400540057653400930063065000430072365000280076665000350079470000290082970000360085870000230089471000760091783000270099300002603320200930024239.0110225s2002 mx a r 000 0 spa d a9682323517 aDO-SdBNPbspacBNPHU17aspaheng2Código de idioma MARC a339.46bC551g1 aChossudovsky, Michel,d1914-200610aThe globalisation of poverty. Impacts of IMF and world bank reforms.lEspañol.10aGlobalización de la pobreza y nuevo orden mundial /cMichel Chossudovsky ; traducción de Ana María Palos y Bertha Ruiz de la Concha ; revisión de Beatriz Stellino. aMéxico, D. F. :bSiglo Veintiuno Editores,c2002. ax, 392 p. :bil. ;c21 cm.1 aEl mundo del siglo XXI aIncluye referencias bibliográficas (p. 375-386) aTítulo original.tThe globalisation of poverty. Impacts of IMF and world bank reforms. 4aGlobalizaciónxAspectos económicos 4aDesigualdad económica 4aPobrezaxAspectos económicos1 aPalos, Ana María,etr.1 aRuiz de la Concha, Bertha,etr.1 aStellino, Beatriz,2 aCentro de Investigaciones Interdisciplinarias en Ciencias y Humanidades 0aEl mundo del siglo XXI